Clickableǃ The Musical Quiz Stats

Quiz Updated Apr 5, 2016

Challenge
Share
Tweet
Embed
Score 0/22 Timer 04:00
0 Plays Today
% Correct
Mamma Mia
87.9%
The Sound of Music
84.5%
Oklahoma!
83.7%
Beauty and the Beast
83.6%
The Phantom of the Opera
77.1%
Something Rotten!
70.5%
Anything Goes
70.3%
Oliver!
63.7%
You're a Good Man Charlie Brown
62.2%
Rent
58.3%
Into the Woods
57.5%
% Correct
Guys and Dolls
55.5%
42nd Street
55.3%
Camelot
51.9%
Hairspray
51.5%
Annie
47.5%
Crazy for You
46%
Merrily We Roll Along
45.5%
Legally Blonde
40.5%
The 25th Annual Putnam County Spelling Bee
39.2%
In the Heights
39.1%
Company
33.2%

You're not logged in!

Compare scores with friends on all Sporcle quizzes.
Sign Up with Email
OR
Log In

You Might Also Like...

Show Comments

Extras

Top Quizzes Today


Score Distribution

Your Account Isn't Verified!

In order to create a playlist on Sporcle, you need to verify the email address you used during registration. Go to your Sporcle Settings to finish the process.